Урок англійської мови як засіб іншомовного спілкування (Запис № 285362)

МАРК-запис
000 -LEADER
fixed length control field 02127nam a22001577a 4500
041 ## - LANGUAGE CODE
Language code of text/sound track or separate title ukr
080 ## - UNIVERSAL DECIMAL CLASSIFICATION NUMBER
Universal Decimal Classification number 09
090 ## - LOCALLY ASSIGNED LC-TYPE CALL NUMBER (OCLC); LOCAL CALL NUMBER (OCLC)
Local cutter number (OCLC) ; Book number/undivided call number, CALL (RLIN) СТР
100 ## - MAIN ENTRY--PERSONAL NAME
Personal name Стрибулевич О. І.
245 ## - TITLE STATEMENT
Title Урок англійської мови як засіб іншомовного спілкування
260 ## - PUBLICATION, DISTRIBUTION, ETC. (IMPRINT)
Place of publication, distribution, etc Острог
Name of publisher, distributor, etc КАФ
Date of publication, distribution, etc 2013
300 ## - PHYSICAL DESCRIPTION
Extent 72
520 ## - SUMMARY, ETC.
Summary, etc Вступ.<br/>Розділ І. Теоретико-методологічні основи дослідження уроку.<br/>1.1. Поняття уроку та особливості його структури<br/>1.2. Основні вимоги до уроку іноземної мови<br/>Висновки до роздулу І<br/>Розділ ІІ. Урок англійської мови: типологія та особливості структкри.<br/>2.1. Класифікація уроків англійської мови<br/>2.2. Особливості аналізу уроку англійської мови<br/>2.3. План-конспект комбінованого уроку з англійської мови в 5 класі за темою "Вулиця, на якій я живу"<br/>Висновки до розділу ІІ<br/>Розділ ІІІ. Нестандартні уроки іноземної мови як ефективний інструмент навчання.<br/>3.1. Поняття про нестандартних урок<br/>3.2. Система нестандартних уроків<br/>3.3. Типологія нестандартних уроків<br/>3.4. План-конспект нестандартного уроку англійської мови з теми "Meals"<br/>Висновки до розділу ІІІ<br/>Розділ IV. Засоби підвищення ефективності уроків іноземної мови.<br/>Висновки до розділк IV<br/>Розділ V. Правове і нормативне регулювання охорони праці.<br/>Висновки.<br/>Список використаних джерел і літератури.<br/>Додатки.
650 ## - SUBJECT ADDED ENTRY--TOPICAL TERM
Topical term or geographic name as entry element Research Papers
942 ## - ADDED ENTRY ELEMENTS (KOHA)
Koha item type Книги
Фонди
Withdrawn status Lost status Source of classification or shelving scheme Damaged status Not for loan Home library Current library Date acquired Source of acquisition Cost, normal purchase price Total Checkouts Full call number Barcode Date last seen Price effective from Koha item type
    Universal Decimal Classification     ВІЛ - Відділ іноземн. літератури НБ ВІЛ - Відділ іноземн. літератури НБ 12/06/2013 Акт №7 1.00   09 215283 09/11/2021 12/06/2013 Книги